YOU ARE WHAT YOU EAT (Record no. 22406)

MARC details
000 -LEADER
fixed length control field 00362nam a22001577a 4500
003 - CONTROL NUMBER IDENTIFIER
control field SGT
020 ## - INTERNATIONAL STANDARD BOOK NUMBER
International Standard Book Number 978-81-223-0772-6
082 ## - DEWEY DECIMAL CLASSIFICATION NUMBER
Classification number 613.2
Item number Y15P
100 ## - MAIN ENTRY--PERSONAL NAME
Personal name PODDER, TANUSHREE
245 ## - TITLE STATEMENT
Title YOU ARE WHAT YOU EAT
260 ## - PUBLICATION, DISTRIBUTION, ETC. (IMPRINT)
Place of publication, distribution, etc NEW DELHI
Name of publisher, distributor, etc PUSTAK MAHAL
Year of Publication 2015
300 ## - PAGE DESCRIPTION
No. of Pages 180
650 ## - SUBJECT ADDED ENTRY--TOPICAL TERM
Topical term or geographic name as entry element NUTRIATION
653 ## - KEYWORDS--INDEX TERM
Keyword term EAT, NATURATION, DIET
942 ## - ADDED ENTRY ELEMENTS (KOHA)
Source of classification or shelving scheme Dewey Decimal Classification
Koha item type Books
942 ## - ADDED ENTRY ELEMENTS (KOHA)
-- 7
Holdings
Withdrawn status Lost status Source of classification or shelving scheme Damaged status Use restrictions Not for loan Collection code Home library Current library Shelving location Date acquired Vendor Name Cost, normal purchase price SGTU Bill Number Full call number Accession No. (Barcode) Date last seen Bill Date Koha item type Total Checkouts Total Renewals Date last borrowed
    Dewey Decimal Classification   Restricted Access   AYURVEDA SGT FA-FP Library SGT FA-FP Library Reference Book 05/03/2022 SAVERA BOOK DISTRIBUTERS 180.00 SGTU 21-22/CRB/ 613.2 Y15P FA10987 05/03/2022 31/01/2022 Books      
    Dewey Decimal Classification       AYURVEDA SGT FA-FP Library SGT FA-FP Library Text Book 05/03/2022 SAVERA BOOK DISTRIBUTERS 180.00 SGTU 21-22/CRB/ 613.2 Y15P FA10988 04/12/2025 31/01/2022 Books 3 1 17/11/2025
    Dewey Decimal Classification       AYURVEDA SGT FA-FP Library SGT FA-FP Library Text Book 05/03/2022 SAVERA BOOK DISTRIBUTERS 180.00 SGTU 21-22/CRB/ 613.2 Y15P FA10989 11/05/2023 31/01/2022 Books 5   18/04/2023
    Dewey Decimal Classification       AYURVEDA SGT FA-FP Library SGT FA-FP Library Text Book 05/03/2022 SAVERA BOOK DISTRIBUTERS 180.00 SGTU 21-22/CRB/ 613.2 Y15P FA10990 24/04/2026 31/01/2022 Books 7   22/04/2026